Least Guessed World Capitals by Continent - Statistics

General Stats
  • This quiz has been taken 14 times
  • The average score is 17 of 30
Answer Stats
Hint Answer % Correct
56% Asunción
77%
67% La Paz | Sucre
77%
33% Saint John's
77%
60% Tirana | Valletta | Vaduz
77%
55% Georgetown
69%
44% Paramaribo
69%
27% Basseterre
62%
29% Castries
62%
54% Chișinău
62%
24% Ciudad de la Paz
62%
26% Mbabane | Yamoussoukro
62%
50% Podgorica
62%
53% Pristina
62%
65% Quito
62%
34% Saint George's
62%
37% Thimphu
62%
23% Gitega
54%
25% Moroni
54%
56% Skopje
54%
39% Ashgabat
46%
34% Bandar Seri Begawan
46%
20% Majuro
46%
25% Maseru
46%
21% Nuku'alofa
46%
20% Palikir
46%
29% Roseau
46%
21% South Tarawa
46%
36% Sri Jayawardenapura Kotte
46%
35% Dushanbe
38%
20% Ngerulmud
38%
No matching quizzes found
Score Distribution
Percent of People with Each Score
Percentile by Number Answered
Your Score History
You have not taken this quiz